| 000 | 00650nam a2200205 a 4500 | ||
|---|---|---|---|
| 005 | 20210219152824.0 | ||
| 008 | 991125n 000 0 eng u | ||
| 035 | _aUPN01000062355 | ||
| 100 | _aABU-HILAL, Maher M. | ||
| 222 |
_aEDUCATIONAL PSYCHOLOGY : _bAN INTERNATIONAL JOURNAL OF EXPERIMENTAL EDUCATIONAL PSYCHOLOGY |
||
| 245 | _aA structural model of attitudes towards school subjects, academic aspiration and achievement | ||
| 260 | _aReino Unido | ||
| 300 | _a75-84 | ||
| 362 | _a2000 Vol. 20, no. 1 (mar.) | ||
| 653 | 0 | _aACTITUD | |
| 653 | 0 | _aASPIRACION | |
| 653 | 0 | _aEDUCACION SUPERIOR | |
| 904 |
_aAC _b000166 |
||
| 905 | _aArticulo | ||
| 999 |
_c61676 _d61676 |
||